000
00310nam a2200133Ia 4500
100
_a
Rao/N.N.
942
_c
BK
654
_a
Engg electromagnectics
245
_a
Elements of Engg Electromagnetics
260
_b
Prentice Hall of India
_a
New Delhi
_c
1992
082
_a
621.3
546
_a
ENGLISH
999
_c
35400
_d
35400